| 000 | 02397cam a22005174i 4500 | ||
|---|---|---|---|
| 003 | PE-LiUPU | ||
| 005 | 20250731184531.0 | ||
| 008 | 150623s r 000 0 d | ||
| 020 | _a156338261X | ||
| 035 | _a(Sirsi) i9781563382611 | ||
| 040 |
_aPE-LiUPU _bspa _cPE-LiUPU _erda |
||
| 049 | _aPRUA | ||
| 082 | 0 | 4 |
_a939.2 _bP62 _221 |
| 100 | 1 |
_aKoester, Helmut, _d1926-, _eautor. |
|
| 245 | 1 | 0 |
_aPergamon citadel of the Gods : _barchaeological record, literary description, and religious development / _cHelmut Koester. |
| 264 | 1 |
_aHarrisburg, Pennsylvania : _bTrinity Press International, _c1998. |
|
| 300 |
_a439 páginas : _bilustraciones, gráficos, mapas, láms. ; _c23 centímetros |
||
| 336 |
_atext _2rdacontent |
||
| 337 |
_aunmediated _2rdamedia |
||
| 338 |
_avolume _2rdacarrier |
||
| 490 | 0 |
_aHarvard Theological Studies ; _v46 |
|
| 500 | _aContiene glosario. | ||
| 504 | _aIncluye bibliografía. | ||
| 505 | 0 | _aRecent research in and about Pergamon: a survey (ca. 1987-1997). -The Roman remodeling of the asklepieion. -Aelius Aristides and the Asklepieion. -The read Hall (Kizil Avlu) in Pergamon. -The cult of the Egyptian deities in Asia Minor. -The aarchitecture of the great altar of Pergamon. -Pergamon in early christian literature. -The library of Pergamon as a classical model. -The Zeus Philios and trajan temple: a context. -Beneath the gaze of the Gods: the Pergamon evidence for a developing theology of empire. -The sanctuary of Demeter at Pergamon: Cultic space for women and its eclipse. -The hellenistic and Roman houses of Pergamon. | |
| 526 | _aP136 | ||
| 526 | _aP135 | ||
| 526 | _aP134 | ||
| 526 | _aP133 | ||
| 526 | _aP144 | ||
| 526 | _aP143 | ||
| 526 | _aP87 | ||
| 526 | _aP35 | ||
| 526 | _aP20 | ||
| 526 | _aP14 | ||
| 526 | _aP10 | ||
| 526 | _aP06 | ||
| 650 | 0 | 4 |
_aBergama (Turquía) _xAntigüedades. |
| 650 | 0 | 4 |
_aBergama (Turquía) _xCivilización. |
| 650 | 0 | 4 |
_aBergama (Turquía) _xReligión. |
| 942 |
_2ddc _cBOOK |
||
| 949 |
_a939.2 P62 _wDEWEY _c1 _i45532 _lCCODEBUL1 _mBUL _r0 _sY _tBOOK _u2015-6-24 _xTEOLOGIA _PP35 _0COMPRA _o.STAFF. Colección General |
||
| 994 |
_aC0 _bPEPRU |
||
| 596 | _a1 | ||
| 999 |
_a939.2 P62 _wDEWEY _c22394 _i45532 _d22394 _e2018-6-19 _f2021-11-11 _g5 _lCCODEBUL1 _mBUL _n3 _q2 _r0 _sY _tBOOK _u2015-6-24 _xTEOLOGIA _PP35 _0COMPRA _o.STAFF. Colección General |
||
| 980 |
_81 _gALBERTO SANCHEZ Responsable de Automatización |
||